• 首页
  • 本馆介绍
  • 公告通知
  • 最新文献
  • 馆藏检索
  • 电子资源
  • 读者导购
  • 参考咨询
  • 我的图书馆
  • 登录
  • 详细信息显示
  • 放入我的书架
  • 预约/预借图书
  • 作者相关作品
  • 分类相关作品
  • 丛书相关作品
  • 出版社相关作品

书目信息

  • 表格格式
  • 工作单格式
  • 卡片格式
题名:
组织工程方法
    
 
作者: 阿塔拉 , Atala , 兰扎 , Lanza 主编 ;杨志明 译
分册:  
出版信息: 北京   化学工业出版社  2006
页数: 19,1094页
开本: 26cm
丛书名: 生物实验室系列
单 册:
中图分类: R329 , Q136-33
科图分类:
主题词: 人体组织学 , 组织(生物学)--实验 , 组织(生物学)
电子资源:
ISBN: 7-5025-8324-6
000 01463oam2 2200373 450
001 012007943904
005 20070525152224.51
010    @a7-5025-8324-6@b精装@dCNY185.00
100    @a20070517d2006 km y0chiy0120 ea
101 1  @achi@ceng
102    @aCN@b110000
105    @aa z 000yy
106    @ar
200 1  @a组织工程方法@Azu zhi gong cheng fang fa@f(美)A·阿塔拉(Anthony Atala),(美)R·P·兰扎(Robert P. Lanza)主编@F(mei)A·a ta la(Anthony Atala),(mei)R·P·lan zha(Robert P.Lanza)zhu bian@g杨志明等译@Gyang zhi ming deng yi
210    @a北京@c化学工业出版社@d2006
215    @a19,1094页@c图@d26cm
225 2  @a生物实验室系列
306    @a本书中文简体自版由Elsevier Science授权化学工业出版社独家出版发行
320    @a有书目和索引
330    @a本书分三部分内容,第一部分详细介绍了培育各种人体细胞的方法。第二部分是对制造支架材料的具体描述,细胞将在这些支架上生长繁衍。第三部分概括总结了目前创造的功能性器官的非凡成就。
461  0 @12001 @a生物实验室系列
510 1  @aMethods of tissue engineering@zeng
606 0  @a人体组织学
606 0  @a组织(生物学)@x实验
606 0  @a组织(生物学)
690    @aR329@v4
690    @aQ136-33@v4
701  1 @c(美)@a阿塔拉@Aa ta la@bA.@4主编
701  1 @c(美)@aAtala@bAnthony@4主编
701  1 @c(美)@a兰扎@Alan zha@bR.P.@4主编
701  1 @c(美)@aLanza@bRobert P.@4主编
702  0 @a杨志明@Ayang zhi ming@c(组织工程学)@4译
801  0 @aCN@bRULIN@c20070525
905    @dR329@e160@s2
    
    组织工程方法/(美)A·阿塔拉(Anthony Atala),(美)R·P·兰扎(Robert P. Lanza)主编/杨志明等译.-北京:化学工业出版社,2006
    19,1094页:图;26cm.-(生物实验室系列)
    
    
    ISBN 7-5025-8324-6(精装):CNY185.00
    本书分三部分内容,第一部分详细介绍了培育各种人体细胞的方法。第二部分是对制造支架材料的具体描述,细胞将在这些支架上生长繁衍。第三部分概括总结了目前创造的功能性器官的非凡成就。
●
相关链接 在E读中查询图书 在五车中查询图书 在当当中查询图书 在豆瓣中查询图书


正题名:组织工程方法     索取号:R329/160         预约/预借

序号 登录号 条形码 馆藏地/架位号 状态 备注
1 0580715   205807153   第二样本阅览室/ [索取号:R329/160] 在馆    
2 0580716   205807162   第三借阅区/ [索取号:R329/160] 在馆    
唐山师范学院图书馆 欢迎您!
大连网信软件有限公司© 版权所有